Green building & remodeling for dummies (Record no. 109263)

MARC details
000 -LEADER
fixed length control field 01080cam a22002535a 4500
001 - CONTROL NUMBER
control field L146716
008 - FIXED-LENGTH DATA ELEMENTS--GENERAL INFORMATION
fixed length control field 090218s2008 xxka f 001 0 eng d
020 ## - INTERNATIONAL STANDARD BOOK NUMBER
International Standard Book Number 9780470175590
035 ## - SYSTEM CONTROL NUMBER
System control number (Sirsi) u146716
041 0# - LANGUAGE CODE
Language code of text/sound track or separate title eng
050 04 - LIBRARY OF CONGRESS CALL NUMBER
Classification number 696.9 $2 18
100 1# - MAIN ENTRY--PERSONAL NAME
Personal name Freed, Eric Corey
245 00 - TITLE STATEMENT
Title Green building & remodeling for dummies
260 ## - PUBLICATION, DISTRIBUTION, ETC.
Place of publication, distribution, etc. Indianapolis, IN
Name of publisher, distributor, etc. Wiley Publishing
Date of publication, distribution, etc. 2008
300 ## - PHYSICAL DESCRIPTION
Extent xviii, 361p.
Other physical details ill.
Dimensions 24cm.
350 ## - PRICE (NR) (BK AM CF MU VM SE) [OBSOLETE]
Price 15.00
505 2# - FORMATTED CONTENTS NOTE
Formatted contents note The need for green -- Paying attention to material matters -- Green building methods -- Green building systems and site planning -- The part of tens
520 ## - SUMMARY, ETC.
Summary, etc. An introductory book dealing with green buildings. Includes information on building methods, materials and site planning. Although the book is largely designed for practitioners in the US, it will be of general interest to those interested in green building.
521 ## - TARGET AUDIENCE NOTE
Target audience note Advanced
590 ## - LOCAL NOTE (RLIN)
Local note KA
651 #4 - SUBJECT ADDED ENTRY--GEOGRAPHIC NAME
Geographic name United States
Chronological subdivision 1959-
690 ## - LOCAL SUBJECT ADDED ENTRY--TOPICAL TERM (OCLC, RLIN)
Topical term or geographic name as entry element ENVIRONMENTAL AND LAND CONSULTANCY-SUSTAINABILITY-SUSTAINABLE DEVELOPMENT
942 ## - ADDED ENTRY ELEMENTS (KOHA)
Suppress in OPAC 0
Holdings
Withdrawn status Lost status Source of classification or shelving scheme Damaged status Not for loan Home library Current library Shelving location Date acquired Total Checkouts Full call number Barcode Date last seen Date last checked out Copy number Price effective from Koha item type
    Dewey Decimal Classification     London London Books 18/02/2009 3 696.9 FRE 30076326 06/08/2019 16/02/2010 1 06/08/2019 Book